Los del baño : (Registro nro. 3417)

Detalles MARC
000 -LEADER
campo de control de longitud fija 00581nam a22002057a 4500
001 - NÚMERO DE CONTROL
campo de control 3417
003 - IDENTIFICADOR DE NÚMERO DE CONTROL
campo de control HMS
005 - FECHA Y HORA DE LA ÚLTIMA TRANSACCIÓN
campo de control 20260625103424.0
008 - DATOS DE LONGITUD FIJA--INFORMACIÓN GENERAL
campo de control de longitud fija 260625e2026 cl |||gr|||| 00| f spa
020 ## - NÚMERO INTERNACIONAL ESTÁNDAR DEL LIBRO
Número Internacional Estándar del Libro 9789566094999
040 ## - FUENTE DE CATALOGACIÓN
Centro catalogador/agencia de origen hms
Lengua de catalogación spa
Centro/agencia transcriptor hms
082 04 - NÚMERO DE LA CLASIFICACIÓN DECIMAL DEWEY
Número de clasificación Ch863 H344
100 1# - ENTRADA PRINCIPAL--NOMBRE DE PERSONA
Nombre de persona Hasbún, Javier
Término indicativo de función/relación Autor
9 (RLIN) 6179
245 14 - MENCIÓN DEL TÍTULO
Título Los del baño :
Resto del título Novelas /
Mención de responsabilidad, etc. Javier Hasbún.
Medio [libro]
250 ## - MENCION DE EDICION
Mención de edición Primera edición 2026
260 ## - PUBLICACIÓN, DISTRIBUCIÓN, ETC.
Lugar de publicación, distribución, etc. Santiago de Chile :
Nombre del editor, distribuidor, etc. Marciano Ediciones,
Fecha de publicación, distribución, etc. 2026
300 ## - DESCRIPCIÓN FÍSICA
Extensión 83 páginas ;
Dimensiones 21 cm.
650 #7 - PUNTO DE ACCESO ADICIONAL DE MATERIA--TÉRMINO DE MATERIA
Término de materia o nombre geográfico como elemento de entrada Novelas chilenas
9 (RLIN) 6180
942 ## - ELEMENTOS DE ENTRADA SECUNDARIOS (KOHA)
Fuente del sistema de clasificación o colocación Clasificación Decimal Dewey
Tipo de ítem Koha Colección General
Suprimir en OPAC No
Existencias
Estatus retirado Estado de pérdida Fuente del sistema de clasificación o colocación Estado de daño No para préstamo Colección Biblioteca de origen Biblioteca actual Ubicación en estantería Fecha de adquisición Fuente de adquisición Número de inventario Total de préstamos Signatura topográfica completa Código de barras Visto por última vez Copia número Precio de reemplazo Tipo de ítem Koha
    Clasificación Decimal Dewey     Colección General Biblioteca Hospital Militar de Santiago Biblioteca Hospital Militar de Santiago Exhibido 04/06/2026 Donación BCN 0003407   Ch863 H344 2026 0003407 25/06/2026 c.1 25/06/2026 Colección General


Biblioteca Hospital Militar de Santiago / Av. Alcalde Fernando Castillo Velasco 9100
Teléfono: 22 331 7229 / E-mail: biblioteca@hms.cl
Horarios de Atención
Lunes a Viernes de: 08:00 a 13:00 hrs / 14:00 a 17:00 hrs